[Event "EU YCH Team U18 boys"]
[Site "Thessaloniki"]
[Date "2022.07.18"]
[Round "7.3"]
[White "Ivanovic, Marko"]
[Black "Ramaj, Ergit"]
[Result "1-0"]
[WhiteElo "2310"]
[BlackElo "1980"]
[PlyCount "53"]
[EventDate "2022.07.12"]
[EventType "swiss"]
[EventRounds "7"]
[EventCountry "GRE"]
[SourceTitle "Youth Database"]
[Source "CBase R.Goldau"]
[SourceDate "2000.03.01"]
[SourceVersion "1"]
[SourceVersionDate "2022.07.18"]
[SourceQuality "1"]
[WhiteTeam "Serbien"]
[BlackTeam "Albanien"]
[WhiteTeamCountry "SRB"]
[BlackTeamCountry "ALB"]

1. d4 Nf6 2. Bf4 g6 3. Nc3 d5 4. e3 Bg7 5. h4 O-O 6. h5 a6 7. hxg6 hxg6 8. Qf3
c5 9. Qg3 cxd4 10. exd4 Nc6 11. Nf3 Qb6 12. O-O-O Bg4 13. Be5 Bh5 14. Bxf6 exf6
15. Nxd5 Qa5 16. Bc4 Rad8 17. Rxh5 gxh5 18. Nxf6+ Kh8 19. Rh1 Bxf6 20. Ne5 Bg7
21. Rxh5+ Kg8 22. c3 Nxe5 23. Rg5 Nxc4 24. Rxg7+ Kh8 25. Rg4 Rd5 26. Qh4+ Rh5
27. Qf6+ 1-0

[Event "EU YCH Team U18 boys"]
[Site "Thessaloniki"]
[Date "2022.07.18"]
[Round "7.4"]
[White "Boci, Petro"]
[Black "Ljepic, Andrej"]
[Result "1/2-1/2"]
[WhiteElo "1709"]
[BlackElo "2234"]
[PlyCount "92"]
[EventDate "2022.07.12"]
[EventType "swiss"]
[EventRounds "7"]
[EventCountry "GRE"]
[SourceTitle "Youth Database"]
[Source "CBase R.Goldau"]
[SourceDate "2000.03.01"]
[SourceVersion "1"]
[SourceVersionDate "2022.07.18"]
[SourceQuality "1"]
[WhiteTeam "Albanien"]
[BlackTeam "Serbien"]
[WhiteTeamCountry "ALB"]
[BlackTeamCountry "SRB"]

1. e4 c5 2. Nf3 Nc6 3. d4 cxd4 4. Nxd4 e5 5. Nb5 a6 6. Nd6+ Bxd6 7. Qxd6 Qe7 8.
Qd1 Nf6 9. Nc3 d6 10. Be2 Be6 11. O-O O-O 12. Be3 Rac8 13. Bf3 Na5 14. Na4 Nc4
15. Nb6 Nxb6 16. Bxb6 Rc6 17. Be3 Rd8 18. Qd2 d5 19. Rfd1 Rd7 20. exd5 Bxd5 21.
Bxd5 Rxd5 22. Qe2 h6 23. a3 Qe6 24. h3 b5 25. Rxd5 Nxd5 26. Rd1 f5 27. Re1 e4
28. Bd4 Qg6 29. Qd2 Nc7 30. Be5 Ne6 31. Kh2 Kh7 32. Re2 Ng5 33. Qf4 Rc5 34. Bc3
Rd5 35. Re1 Ne6 36. Qe3 Qg5 37. Qxg5 Nxg5 38. h4 Nf7 39. Kg3 g5 40. hxg5 hxg5
41. a4 Kg6 42. axb5 axb5 43. Kh3 g4+ 44. Kh4 Nd8 45. f3 gxf3 46. gxf3 e3
1/2-1/2

[Event "EU YCH Team U18 boys"]
[Site "Thessaloniki"]
[Date "2022.07.18"]
[Round "7.1"]
[White "Fromm, Marius"]
[Black "Svane, Frederik"]
[Result "0-1"]
[WhiteElo "2391"]
[BlackElo "2521"]
[PlyCount "102"]
[EventDate "2022.07.12"]
[EventType "swiss"]
[EventRounds "7"]
[EventCountry "GRE"]
[SourceTitle "Youth Database"]
[Source "CBase R.Goldau"]
[SourceDate "2000.03.01"]
[SourceVersion "1"]
[SourceVersionDate "2022.07.18"]
[SourceQuality "1"]
[WhiteTeam "Deutschland"]
[BlackTeam "Deutschland"]
[WhiteTeamCountry "GER"]
[BlackTeamCountry "GER"]

1. e4 e5 2. Nf3 Nc6 3. Bc4 Bc5 4. d3 Nf6 5. O-O d6 6. c3 a6 7. a4 Ba7 8. Re1 h6
9. Nbd2 g5 10. b4 Nh7 11. Nf1 g4 12. N3d2 Qf6 13. Ne3 Bxe3 14. Rxe3 h5 15. f3
Ne7 16. Qf1 g3 17. hxg3 h4 18. f4 Qh6 19. Nb3 hxg3 20. Rxg3 Nf6 21. f5 Qh2+ 22.
Kf2 Qh4 23. Bg5 Ng4+ 24. Kf3 Nh2+ 25. Kf2 Ng4+ 26. Kf3 Qxg5 27. Rxg4 Qh5 28.
Qe2 d5 29. Bxd5 Nxd5 30. exd5 Bxf5 31. Qxe5+ Kf8 32. Qg7+ Ke8 33. Re1+ Kd7 34.
Nc5+ Kc8 35. Re7 Kb8 36. c4 Ka7 37. Qg5 Qh1 38. Rf4 Rag8 39. Qxf5 Rxg2 40. Ke3
Qg1+ 41. Rf2 Rxf2 42. Qxf2 Qg5+ 43. Kd4 Qxe7 44. a5 Kb8 45. Qg3 Qf6+ 46. Qe5
Rh4+ 47. Ne4 Qf2+ 48. Kc3 Qe1+ 49. Kc2 Qe2+ 50. Kc3 Rh3 51. Qd4 Rh2 0-1

[Event "EU YCH Team U18 boys"]
[Site "Thessaloniki"]
[Date "2022.07.18"]
[Round "7.2"]
[White "Koellner, Ruben Gideon"]
[Black "Deuer, Marius"]
[Result "1/2-1/2"]
[WhiteElo "2422"]
[BlackElo "2338"]
[PlyCount "87"]
[EventDate "2022.07.12"]
[EventType "swiss"]
[EventRounds "7"]
[EventCountry "GRE"]
[SourceTitle "Youth Database"]
[Source "CBase R.Goldau"]
[SourceDate "2000.03.01"]
[SourceVersion "1"]
[SourceVersionDate "2022.07.18"]
[SourceQuality "1"]
[WhiteTeam "Deutschland"]
[BlackTeam "Deutschland"]
[WhiteTeamCountry "GER"]
[BlackTeamCountry "GER"]

1. d4 Nf6 2. Bg5 Ne4 3. Bf4 c5 4. f3 Qa5+ 5. c3 Nf6 6. d5 Qb6 7. Bc1 e6 8. e4
exd5 9. exd5 d6 10. c4 g6 11. Bd3 Bg7 12. Qe2+ Kd8 13. Qc2 Nbd7 14. Nc3 Ne5 15.
Nge2 Re8 16. O-O Ke7 17. Ng3 Kf8 18. Be2 h5 19. h3 h4 20. Nge4 Nxe4 21. Nxe4
Bf5 22. Bg5 Nd7 23. Rab1 Nf6 24. Bd3 Nxd5 25. cxd5 c4+ 26. Kh1 cxd3 27. Qxd3
Qb4 28. Rfe1 Bxe4 29. fxe4 Rac8 30. Bxh4 Qd4 31. Qf3 Rc2 32. Rf1 Rc7 33. Qg3
Kg8 34. Qxd6 Be5 35. Bf6 Qxe4 36. Bxe5 Qxe5 37. Qxe5 Rxe5 38. Rfd1 Rd7 39. d6
Re6 40. Rbc1 Rexd6 41. Rxd6 Rxd6 42. Rc7 Rb6 43. b3 Ra6 44. Rc2 1/2-1/2

[Event "EU YCH Team U18 boys"]
[Site "Thessaloniki"]
[Date "2022.07.18"]
[Round "7.3"]
[White "Colbow, Collin"]
[Black "Koelle, Tobias"]
[Result "1/2-1/2"]
[WhiteElo "2325"]
[BlackElo "2436"]
[PlyCount "58"]
[EventDate "2022.07.12"]
[EventType "swiss"]
[EventRounds "7"]
[EventCountry "GRE"]
[SourceTitle "Youth Database"]
[Source "CBase R.Goldau"]
[SourceDate "2000.03.01"]
[SourceVersion "1"]
[SourceVersionDate "2022.07.18"]
[SourceQuality "1"]
[WhiteTeam "Deutschland"]
[BlackTeam "Deutschland"]
[WhiteTeamCountry "GER"]
[BlackTeamCountry "GER"]

1. e4 c5 2. Nf3 Nc6 3. Nc3 e5 4. Bc4 d6 5. d3 Be7 6. O-O Nf6 7. Ng5 O-O 8. f4
Bg4 9. Qe1 h6 10. Nf3 Bxf3 11. gxf3 Nh5 12. Nd5 Bh4 13. Qe2 b5 14. Bb3 a5 15.
a4 Nd4 16. Qg2 Nxf4 17. Bxf4 exf4 18. axb5 Nxb3 19. cxb3 Bf6 20. Qd2 Bd4+ 21.
Kh1 Be3 22. Qe1 Bd4 23. Qd2 Be3 24. Qe1 Bd4 25. Ra2 Kh8 26. Qd2 Be3 27. Qe1 Bd4
28. Qd2 Be3 29. Qe1 Bd4 1/2-1/2

[Event "EU YCH Team U18 boys"]
[Site "Thessaloniki"]
[Date "2022.07.18"]
[Round "7.4"]
[White "Krastev, Alexander"]
[Black "Cherniaiev, Tykhon"]
[Result "1/2-1/2"]
[WhiteElo "2435"]
[BlackElo "2186"]
[PlyCount "48"]
[EventDate "2022.07.12"]
[EventType "swiss"]
[EventRounds "7"]
[EventCountry "GRE"]
[SourceTitle "Youth Database"]
[Source "CBase R.Goldau"]
[SourceDate "2000.03.01"]
[SourceVersion "1"]
[SourceVersionDate "2022.07.18"]
[SourceQuality "1"]
[WhiteTeam "Deutschland"]
[BlackTeam "Deutschland"]
[WhiteTeamCountry "GER"]
[BlackTeamCountry "GER"]

1. e4 e5 2. Nf3 Nc6 3. Bc4 Bc5 4. Nc3 Nf6 5. d3 d6 6. Na4 Bb6 7. Nxb6 axb6 8.
a3 h6 9. h3 O-O 10. Qe2 Be6 11. Bd2 d5 12. exd5 Bxd5 13. O-O-O Re8 14. Bc3 Nd4
15. Bxd4 exd4 16. Qd2 Qd6 17. Nxd4 Rxa3 18. bxa3 Qxa3+ 19. Kb1 Ra8 20. Nb3 Qa2+
21. Kc1 Qa3+ 22. Kb1 Qa2+ 23. Kc1 Qa3+ 24. Kb1 Qa2+ 1/2-1/2

[Event "EU YCH Team U18 boys"]
[Site "Thessaloniki"]
[Date "2022.07.18"]
[Round "7.1"]
[White "Magalakis, Stefanos"]
[Black "Ratnesan, Ranesh"]
[Result "1/2-1/2"]
[WhiteElo "2181"]
[BlackElo "2269"]
[PlyCount "115"]
[EventDate "2022.07.12"]
[EventType "swiss"]
[EventRounds "7"]
[EventCountry "GRE"]
[SourceTitle "Youth Database"]
[Source "CBase R.Goldau"]
[SourceDate "2000.03.01"]
[SourceVersion "1"]
[SourceVersionDate "2022.07.18"]
[SourceQuality "1"]
[WhiteTeam "Griechenland"]
[BlackTeam "England"]
[WhiteTeamCountry "GRE"]
[BlackTeamCountry "ENG"]

1. d4 Nf6 2. Nf3 g6 3. Bg5 Bg7 4. Nbd2 O-O 5. c3 h6 6. Bh4 d6 7. e4 c5 8. dxc5
dxc5 9. Qc2 Nc6 10. Be2 Nh5 11. O-O Qc7 12. Nc4 g5 13. Bg3 Nxg3 14. hxg3 b5 15.
Ne3 Rb8 16. a4 a6 17. axb5 axb5 18. Nh2 c4 19. Kh1 e6 20. f4 Qb6 21. Qc1 f5 22.
exf5 exf5 23. g4 Re8 24. Bf3 Qxe3 25. Bxc6 Qxc1 26. Raxc1 Rf8 27. fxg5 hxg5 28.
Nf3 Rb6 29. Bd5+ Be6 30. Bxe6+ Rxe6 31. Nxg5 Rg6 32. Nf3 fxg4 33. Nd4 b4 34.
Rxf8+ Kxf8 35. g3 Bxd4 36. cxd4 Rc6 37. Re1 c3 38. bxc3 Rxc3 39. Re5 Rxg3 40.
Rb5 b3 41. Rb7 Ke8 42. d5 Kd8 43. d6 Kc8 44. d7+ Kd8 45. Kh2 Rd3 46. Kg2 Rh3
47. Kg1 Rd3 48. Kg2 Ke7 49. Kh2 Kf6 50. d8=R Rxd8 51. Rxb3 Kg5 52. Kg3 Rf8 53.
Rb5+ Rf5 54. Rxf5+ Kxf5 55. Kg2 Kf4 56. Kf2 g3+ 57. Kg2 Ke5 58. Kxg3 1/2-1/2

[Event "EU YCH Team U18 boys"]
[Site "Thessaloniki"]
[Date "2022.07.18"]
[Round "7.2"]
[White "Stoica, Savas Marin"]
[Black "Georgiadis, Athanasios Kat"]
[Result "1-0"]
[WhiteElo "2092"]
[BlackElo "1689"]
[PlyCount "71"]
[EventDate "2022.07.12"]
[EventType "swiss"]
[EventRounds "7"]
[EventCountry "GRE"]
[SourceTitle "Youth Database"]
[Source "CBase R.Goldau"]
[SourceDate "2000.03.01"]
[SourceVersion "1"]
[SourceVersionDate "2022.07.18"]
[SourceQuality "1"]
[WhiteTeam "England"]
[BlackTeam "Griechenland"]
[WhiteTeamCountry "ENG"]
[BlackTeamCountry "GRE"]

1. d4 Nf6 2. c4 g6 3. h4 Bg7 4. Nc3 O-O 5. e4 d6 6. Be2 h5 7. Bg5 c5 8. d5 Qa5
9. Bd2 e6 10. Nh3 exd5 11. cxd5 Bxh3 12. Rxh3 a6 13. Qc2 Re8 14. Kf1 Nbd7 15.
g3 Rab8 16. a4 Ne5 17. f3 Qd8 18. Kg2 Qd7 19. a5 Qc7 20. Rhh1 Rf8 21. Nd1 Rbe8
22. Re1 Qd7 23. Nf2 Qc7 24. Rab1 Rc8 25. Bc3 Rfe8 26. Rh1 Qd7 27. Rbe1 Rb8 28.
f4 Neg4 29. Nxg4 hxg4 30. Bc4 b5 31. axb6 Rxb6 32. Re2 Nh5 33. e5 dxe5 34. fxe5
Rbb8 35. Rf1 Rf8 36. d6 1-0

[Event "EU YCH Team U18 boys"]
[Site "Thessaloniki"]
[Date "2022.07.18"]
[Round "7.3"]
[White "Skodras, Marios Konstantinos"]
[Black "Cont, Arya"]
[Result "0-1"]
[WhiteElo "1446"]
[BlackElo "1968"]
[PlyCount "84"]
[EventDate "2022.07.12"]
[EventType "swiss"]
[EventRounds "7"]
[EventCountry "GRE"]
[SourceTitle "Youth Database"]
[Source "CBase R.Goldau"]
[SourceDate "2000.03.01"]
[SourceVersion "1"]
[SourceVersionDate "2022.07.18"]
[SourceQuality "1"]
[WhiteTeam "Griechenland"]
[BlackTeam "England"]
[WhiteTeamCountry "GRE"]
[BlackTeamCountry "ENG"]

1. e4 e6 2. d4 d5 3. exd5 exd5 4. Bd3 Nc6 5. c3 Bd6 6. Nf3 Nge7 7. Bg5 Bg4 8.
Nbd2 Qd7 9. Qc2 O-O-O 10. O-O-O f6 11. Bh4 Bf5 12. Bg3 Bxd3 13. Qxd3 Nf5 14.
Rde1 g6 15. Nb3 Rde8 16. Bxd6 Nxd6 17. Nfd2 b6 18. Qf3 Qf7 19. Kc2 f5 20. Nc1
Ne4 21. Nxe4 dxe4 22. Qe2 Qd5 23. Rd1 Rhf8 24. Rhf1 f4 25. f3 Qf5 26. fxe4 Rxe4
27. Qd3 Rfe8 28. Kb1 Kb8 29. g3 g5 30. b3 Ne7 31. g4 Qg6 32. Rfe1 Nd5 33. Rxe4
Rxe4 34. Kb2 Ne3 35. Re1 Nc4+ 36. Qxc4 Rxe1 37. Nd3 Re2+ 38. Ka3 Qd6+ 39. b4
Qe6 40. Qxe6 Rxe6 41. Ne5 Rxe5 42. dxe5 f3 0-1

[Event "EU YCH Team U18 boys"]
[Site "Thessaloniki"]
[Date "2022.07.18"]
[Round "7.1"]
[White "Betsakou, Sofia"]
[Black "Risteski, Emil"]
[Result "0-1"]
[WhiteElo "1412"]
[BlackElo "2405"]
[PlyCount "90"]
[EventDate "2022.07.12"]
[EventType "swiss"]
[EventRounds "7"]
[EventCountry "GRE"]
[SourceTitle "Youth Database"]
[Source "CBase R.Goldau"]
[SourceDate "2000.03.01"]
[SourceVersion "1"]
[SourceVersionDate "2022.07.18"]
[SourceQuality "1"]
[WhiteTeam "Griechenland"]
[BlackTeam "Mazedonien"]
[WhiteTeamCountry "GRE"]
[BlackTeamCountry "MKD"]

1. d4 d6 2. Nf3 Nf6 3. Nc3 Nbd7 4. g3 e5 5. e4 Be7 6. Bg2 O-O 7. O-O Re8 8. Re1
Bf8 9. h3 g6 10. Be3 b6 11. Qd2 Bb7 12. Bg5 c6 13. a4 a6 14. Rad1 Qc7 15. b3 b5
16. dxe5 dxe5 17. Qe2 h6 18. Bc1 Kh7 19. Rd3 Nc5 20. Re3 Rad8 21. Bb2 Ne6 22.
Rd3 Nd4 23. Qd1 c5 24. axb5 axb5 25. Nxd4 cxd4 26. Nxb5 Qb6 27. Na3 Ba6 28. f4
Bxd3 29. Qxd3 exf4 30. gxf4 Qa5 31. Ra1 Qc7 32. Rf1 Nd7 33. Nb5 Qb6 34. Bxd4
Bc5 35. Qc4 Kg8 36. Kh1 Bxd4 37. Nxd4 Nf6 38. Ne2 Qe3 39. e5 Rd2 40. Bf3 Nh5
41. b4 Rxe2 42. Bxe2 Ng3+ 43. Kg2 Nxe2 44. Rf2 Nd4 45. b5 Qe4+ 0-1

[Event "EU YCH Team U18 boys"]
[Site "Thessaloniki"]
[Date "2022.07.18"]
[Round "7.2"]
[White "Veljanoski, Andrej"]
[Black "Betsakos, Haralampos"]
[Result "1-0"]
[WhiteElo "2162"]
[BlackElo "1183"]
[PlyCount "44"]
[EventDate "2022.07.12"]
[EventType "swiss"]
[EventRounds "7"]
[EventCountry "GRE"]
[SourceTitle "Youth Database"]
[Source "CBase R.Goldau"]
[SourceDate "2000.03.01"]
[SourceVersion "1"]
[SourceVersionDate "2022.07.18"]
[SourceQuality "1"]
[WhiteTeam "Mazedonien"]
[BlackTeam "Griechenland"]
[WhiteTeamCountry "MKD"]
[BlackTeamCountry "GRE"]

1. e4 c6 2. d4 d5 3. Nd2 dxe4 4. Nxe4 Bf5 5. Ng3 Bg6 6. h4 h6 7. Nf3 Nd7 8. h5
Bh7 9. Bd3 Bxd3 10. Qxd3 e6 11. Bf4 Ngf6 12. O-O-O Be7 13. Kb1 Nd5 14. Bd2 Qc7
15. c4 N5f6 16. Ne4 O-O-O 17. Nc3 Kb8 18. Qc2 Bd6 19. g3 Qc8 20. Rh4 e5 21. d5
Nb6 22. Be3 Nxc4 1-0

[Event "EU YCH Team U18 boys"]
[Site "Thessaloniki"]
[Date "2022.07.18"]
[Round "7.3"]
[White "Karkanas, Stylianos"]
[Black "Jordanov, Mihail"]
[Result "0-1"]
[WhiteElo "1089"]
[BlackElo "2158"]
[PlyCount "136"]
[EventDate "2022.07.12"]
[EventType "swiss"]
[EventRounds "7"]
[EventCountry "GRE"]
[SourceTitle "Youth Database"]
[Source "CBase R.Goldau"]
[SourceDate "2000.03.01"]
[SourceVersion "1"]
[SourceVersionDate "2022.07.18"]
[SourceQuality "1"]
[WhiteTeam "Griechenland"]
[BlackTeam "Mazedonien"]
[WhiteTeamCountry "GRE"]
[BlackTeamCountry "MKD"]

1. d4 d5 2. Bf4 c5 3. e3 Nc6 4. c3 Bf5 5. Bd3 Bxd3 6. Qxd3 Qb6 7. Qc2 e6 8. Nf3
Rc8 9. Qb3 Qa6 10. Nbd2 Nf6 11. a4 Nh5 12. Bg3 Nxg3 13. hxg3 Qb6 14. Qxb6 axb6
15. Ke2 Be7 16. Ne5 Nxe5 17. dxe5 Ra8 18. e4 O-O 19. Rhb1 f6 20. exd5 exd5 21.
f4 fxe5 22. fxe5 Rfe8 23. Nf3 Bd6 24. b4 cxb4 25. Kd3 Bxe5 26. Nxe5 Rxe5 27.
Rxb4 Ra6 28. Rf1 Re4 29. Rb5 Rexa4 30. Rxd5 Ra8 31. Rd7 Rg4 32. Rf3 Rb8 33. Ke2
b5 34. Kf2 b4 35. cxb4 Rxb4 36. Rff7 Rf8 37. Rxf8+ Kxf8 38. Kf3 h6 39. g4 Kg8
40. Kg3 b5 41. Rb7 g5 42. Rb6 Kg7 43. Rb7+ Kf6 44. Rb6+ Ke5 45. Rxh6 Rb3+ 46.
Kf2 Kf4 47. Rf6+ Kxg4 48. Rd6 Rb2+ 49. Kf1 b4 50. Rd4+ Kg3 51. Rd3+ Kf4 52.
Rf3+ Ke4 53. Rg3 Kf4 54. Rf3+ Kg4 55. Kg1 Rb1+ 56. Kf2 b3 57. Rg3+ Kf4 58. Rf3+
Ke4 59. Kg3 Rb2 60. Rf8 Rd2 61. Rb8 b2 62. Kh3 g4+ 63. Kxg4 Rxg2+ 64. Kh3 Rd2
65. Kg3 Kd3 66. Kf3 Kc2 67. Ke3 Rd3+ 68. Ke2 Rc3 0-1

[Event "EU YCH Team U18 boys"]
[Site "Thessaloniki"]
[Date "2022.07.18"]
[Round "7.1"]
[White "Stoimenidis, Dimitrios"]
[Black "Pekkul, Arda"]
[Result "1/2-1/2"]
[WhiteElo "1993"]
[BlackElo "1599"]
[PlyCount "79"]
[EventDate "2022.07.12"]
[EventType "swiss"]
[EventRounds "7"]
[EventCountry "GRE"]
[SourceTitle "Youth Database"]
[Source "CBase R.Goldau"]
[SourceDate "2000.03.01"]
[SourceVersion "1"]
[SourceVersionDate "2022.07.18"]
[SourceQuality "1"]
[WhiteTeam "Griechenland"]
[BlackTeam "Türkei"]
[WhiteTeamCountry "GRE"]
[BlackTeamCountry "TUR"]

1. e4 c5 2. Nf3 e6 3. d4 cxd4 4. Nxd4 Nf6 5. Nc3 Nc6 6. Ndb5 d6 7. Bf4 e5 8.
Bg5 a6 9. Na3 b5 10. Nd5 Be7 11. Bxf6 Bxf6 12. c3 Ne7 13. Nc2 Nxd5 14. Qxd5 Rb8
15. Nb4 Bb7 16. Qd3 O-O 17. Be2 Be7 18. Bf3 d5 19. Nxd5 Bxd5 20. Qxd5 Qc7 21.
O-O Rfd8 22. Qb3 b4 23. Rac1 bxc3 24. Rxc3 Qa5 25. Qc2 Qxa2 26. Rb1 Rd2 27.
Qxd2 Qxb1+ 28. Bd1 Rd8 29. Rc1 Qxe4 30. Qe2 Qf4 31. Qe3 Qxe3 32. fxe3 Rd2 33.
Rc8+ Bf8 34. Bb3 Rd7 35. Ra8 g6 36. Rxa6 Kg7 37. Rc6 f5 38. Rc2 Rd3 39. Rc7+
Kh6 40. Rc3 1/2-1/2

[Event "EU YCH Team U18 boys"]
[Site "Thessaloniki"]
[Date "2022.07.18"]
[Round "7.2"]
[White "Atis, Hasan"]
[Black "Karamichos, Michail"]
[Result "1-0"]
[WhiteElo "1956"]
[BlackElo "1839"]
[PlyCount "77"]
[EventDate "2022.07.12"]
[EventType "swiss"]
[EventRounds "7"]
[EventCountry "GRE"]
[SourceTitle "Youth Database"]
[Source "CBase R.Goldau"]
[SourceDate "2000.03.01"]
[SourceVersion "1"]
[SourceVersionDate "2022.07.18"]
[SourceQuality "1"]
[WhiteTeam "Türkei"]
[BlackTeam "Griechenland"]
[WhiteTeamCountry "TUR"]
[BlackTeamCountry "GRE"]

1. e4 e5 2. Nf3 Nc6 3. Bb5 a6 4. Ba4 g6 5. O-O Bg7 6. c3 Nge7 7. d4 exd4 8.
cxd4 b5 9. Bc2 O-O 10. Nc3 d6 11. h3 Na5 12. a4 b4 13. Ne2 c5 14. Bg5 c4 15.
Qd2 Rb8 16. Rfe1 Re8 17. Qf4 Bb7 18. Qh4 Qd7 19. Rad1 Nac6 20. Nf4 d5 21. e5
Nd8 22. g4 Ne6 23. Nxe6 fxe6 24. Bf6 Nc6 25. Ng5 h6 26. Bxg6 Rf8 27. Bh7+ Kh8
28. Bf5 Rxf6 29. exf6 exf5 30. fxg7+ Qxg7 31. Re6 Rf8 32. Rxh6+ Kg8 33. Ne6 Qe7
34. Rh8+ Kf7 35. Rxf8+ Kxe6 36. Re1+ Kd7 37. Rxe7+ Nxe7 38. Rf7 c3 39. Qxe7+
1-0

[Event "EU YCH Team U18 boys"]
[Site "Thessaloniki"]
[Date "2022.07.18"]
[Round "7.3"]
[White "Karakotsios, Konstantinos"]
[Black "Aydogdu, Selcan Ayberk"]
[Result "0-1"]
[WhiteElo "1376"]
[BlackElo "1902"]
[PlyCount "68"]
[EventDate "2022.07.12"]
[EventType "swiss"]
[EventRounds "7"]
[EventCountry "GRE"]
[SourceTitle "Youth Database"]
[Source "CBase R.Goldau"]
[SourceDate "2000.03.01"]
[SourceVersion "1"]
[SourceVersionDate "2022.07.18"]
[SourceQuality "1"]
[WhiteTeam "Griechenland"]
[BlackTeam "Türkei"]
[WhiteTeamCountry "GRE"]
[BlackTeamCountry "TUR"]

1. d4 e6 2. Bf4 d5 3. e3 Nf6 4. Nf3 Bd6 5. Bg3 O-O 6. c3 b6 7. Bd3 Bb7 8. Nbd2
c5 9. O-O Qc7 10. Rc1 Nbd7 11. b4 Bxg3 12. hxg3 Qd6 13. bxc5 bxc5 14. Rb1 Ba6
15. Bxa6 Qxa6 16. Rb2 Rab8 17. Qc2 Rxb2 18. Qxb2 Rb8 19. Qc2 h6 20. Rb1 Rc8 21.
Qb3 Nb6 22. Qb2 cxd4 23. cxd4 Ng4 24. Nh2 Nxh2 25. Kxh2 Qe2 26. Kg1 Na4 27. Qb5
Rc1+ 28. Rxc1 Qxb5 29. Nb3 Qe2 30. Nc5 Nxc5 31. dxc5 Qb2 32. Re1 Qc3 33. Rb1
Qxc5 34. Rb8+ Kh7 0-1

[Event "EU YCH Team U18 boys"]
[Site "Thessaloniki"]
[Date "2022.07.18"]
[Round "7.1"]
[White "Levin, Guy"]
[Black "Baum, Jonasz"]
[Result "1-0"]
[WhiteElo "2363"]
[BlackElo "2410"]
[PlyCount "121"]
[EventDate "2022.07.12"]
[EventType "swiss"]
[EventRounds "7"]
[EventCountry "GRE"]
[SourceTitle "Youth Database"]
[Source "CBase R.Goldau"]
[SourceDate "2000.03.01"]
[SourceVersion "1"]
[SourceVersionDate "2022.07.18"]
[SourceQuality "1"]
[WhiteTeam "Israel"]
[BlackTeam "Polen"]
[WhiteTeamCountry "ISR"]
[BlackTeamCountry "POL"]

1. Nf3 d5 2. g3 Nd7 3. d4 Nb6 4. Bg2 Bf5 5. a4 a5 6. b3 e6 7. O-O Be7 8. Nbd2
h6 9. c4 Nf6 10. Ne5 c6 11. e3 Bh7 12. Qe2 O-O 13. Bb2 Nbd7 14. Rfd1 Qb6 15.
Nxd7 Nxd7 16. e4 dxe4 17. Bxe4 Bxe4 18. Qxe4 Rfd8 19. Qc2 Rac8 20. h4 Nf6 21.
Nf3 Ng4 22. Rd3 Qc7 23. Qe2 Bf8 24. Rad1 b5 25. cxb5 cxb5 26. Rc3 Qb6 27. Rxc8
Rxc8 28. Qxb5 Qxb5 29. axb5 Nf6 30. Ra1 Bb4 31. Ba3 Rb8 32. Bxb4 axb4 33. Ne5
Rb7 34. Ra8+ Kh7 35. Ra5 Nd5 36. Nc4 Nc3 37. b6 Ne2+ 38. Kf1 Nxd4 39. Ra4 Nxb3
40. Rxb4 Nc5 41. Na5 Rb8 42. b7 Kg6 43. Rb5 Nxb7 44. h5+ Kf6 45. Nxb7 g6 46.
hxg6 Kxg6 47. Nd6 Rd8 48. Nc4 f6 49. Kg2 Rd4 50. Ne3 h5 51. Kh3 Rd2 52. Ng2 e5
53. Nh4+ Kf7 54. Rb7+ Ke6 55. Kg2 e4 56. Rb6+ Kf7 57. Rb7+ Ke6 58. Rb4 Ke5 59.
Rb5+ Ke6 60. Kf1 Rd3 61. Ke2 1-0

[Event "EU YCH Team U18 boys"]
[Site "Thessaloniki"]
[Date "2022.07.18"]
[Round "7.2"]
[White "Czopor, Maciej"]
[Black "Yaniv, Yuval"]
[Result "1/2-1/2"]
[WhiteElo "2415"]
[BlackElo "2305"]
[PlyCount "73"]
[EventDate "2022.07.12"]
[EventType "swiss"]
[EventRounds "7"]
[EventCountry "GRE"]
[SourceTitle "Youth Database"]
[Source "CBase R.Goldau"]
[SourceDate "2000.03.01"]
[SourceVersion "1"]
[SourceVersionDate "2022.07.18"]
[SourceQuality "1"]
[WhiteTeam "Polen"]
[BlackTeam "Israel"]
[WhiteTeamCountry "POL"]
[BlackTeamCountry "ISR"]

1. d4 Nf6 2. c4 g6 3. Nc3 Bg7 4. e4 d6 5. f4 c5 6. d5 O-O 7. Nf3 b5 8. cxb5 a6
9. a4 axb5 10. Bxb5 Ba6 11. Rb1 Bxb5 12. axb5 Qb6 13. O-O Nbd7 14. Kh1 Ne8 15.
Qd3 Nc7 16. Nd2 f5 17. exf5 Rxf5 18. Re1 Bf8 19. Nde4 Qb7 20. Ng3 Rf7 21. f5
Ne5 22. Rxe5 dxe5 23. fxg6 hxg6 24. Qxg6+ Rg7 25. Qf5 Rf7 26. Qg4+ Rg7 27. Qc4
Ne8 28. d6+ Rf7 29. dxe7 Qxe7 30. Be3 Nd6 31. Qxc5 Rc8 32. Qd5 Nc4 33. Bg1 Qd7
34. Qxd7 Rxd7 35. Nce4 Rb7 36. b3 Rxb5 37. Rd1 1/2-1/2

[Event "EU YCH Team U18 boys"]
[Site "Thessaloniki"]
[Date "2022.07.18"]
[Round "7.3"]
[White "Zemach, Nadav"]
[Black "Klimkowski, Jan"]
[Result "0-1"]
[WhiteElo "2225"]
[BlackElo "2398"]
[PlyCount "82"]
[EventDate "2022.07.12"]
[EventType "swiss"]
[EventRounds "7"]
[EventCountry "GRE"]
[SourceTitle "Youth Database"]
[Source "CBase R.Goldau"]
[SourceDate "2000.03.01"]
[SourceVersion "1"]
[SourceVersionDate "2022.07.18"]
[SourceQuality "1"]
[WhiteTeam "Israel"]
[BlackTeam "Polen"]
[WhiteTeamCountry "ISR"]
[BlackTeamCountry "POL"]

1. d4 Nf6 2. c4 e6 3. g3 c5 4. d5 exd5 5. cxd5 d6 6. Bg2 g6 7. Nc3 Bg7 8. Nf3
O-O 9. O-O Re8 10. Bf4 Bf5 11. Nh4 Bg4 12. Qd2 b5 13. Rfe1 a6 14. a4 b4 15. Nd1
Bc8 16. a5 Ne4 17. Qc2 f5 18. Nf3 Bb7 19. Qb3 Nd7 20. h4 Ndf6 21. Ne3 h6 22.
Red1 Kh7 23. Bh3 Nh5 24. Nc4 Nxf4 25. gxf4 Nf6 26. Ne3 Nh5 27. Qc2 Qf6 28. Rab1
Nxf4 29. Bf1 Re4 30. b3 Rae8 31. Rd2 Rxe3 32. fxe3 Nxd5 33. Re1 Nxe3 34. Qd3 d5
35. Bh3 d4 36. Qb1 Qd6 37. Kf2 Bxf3 38. Kxf3 Re4 39. Qxe4 fxe4+ 40. Kxe4 Qe5+
41. Kd3 Qg3 0-1